00266nam a2200109Ia 4500008004100000100002600041245003100067260000900098650002500107942000700132999001700139190216s9999||||xx |||||||||||||| ||und|| aP K Parameswaran Nair 0aAdunika Malayala Sahithyam bNull aSahithya Vimarshanam cBK c25049d25049